Fundamentals of Engineering Thermodynamics (Record no. 33502)
[ view plain ]
| 000 -LEADER | |
|---|---|
| fixed length control field | 00424nam a22001817a 4500 |
| 003 - CONTROL NUMBER IDENTIFIER | |
| control field | NUST |
| 020 ## - INTERNATIONAL STANDARD BOOK NUMBER | |
| International Standard Book Number | 9788126528158 |
| 038 ## - RECORD CONTENT LICENSOR | |
| Staff Name | khadija |
| 082 ## - DEWEY DECIMAL CLASSIFICATION NUMBER | |
| Classification number | 621.4021 |
| Author Mark | MOR |
| 100 ## - MAIN ENTRY--PERSONAL NAME | |
| Personal name | Moran, Michael J. |
| 245 ## - TITLE STATEMENT | |
| Title | Fundamentals of Engineering Thermodynamics |
| 250 ## - EDITION STATEMENT | |
| Edition statement | 6th ed. |
| 260 ## - PUBLICATION, DISTRIBUTION, ETC. | |
| Place of publication, distribution, etc. | New Delhi : |
| Name of publisher, distributor, etc. | John Wiley, |
| Date of publication, distribution, etc. | 2012. |
| 300 ## - PHYSICAL DESCRIPTION | |
| Extent | 725 p. ; |
| Other physical details | 24 cm. |
| 500 ## - GENERAL NOTE | |
| General note | Paperback. |
| 563 ## - BINDING INFORMATION | |
| Binding note | PB |
| 942 ## - ADDED ENTRY ELEMENTS (KOHA) | |
| Koha item type | Book |
| Source of classification or shelving scheme | |
| Withdrawn status | Lost status | Source of classification or shelving scheme | Damaged status | Not for loan | Permanent Location | Current Location | Shelving location | Date acquired | Total Checkouts | Full call number | Barcode | Date last seen | Date last checked out | Price effective from | Koha item type | Checked out | Total Renewals |
|---|---|---|---|---|---|---|---|---|---|---|---|---|---|---|---|---|---|
| Central Library (CL) | Central Library (CL) | 05/04/2016 | 3 | 621.4021 MOR | SMME-2553 | 01/27/2025 | 09/10/2024 | 05/04/2016 | Book | 4 | |||||||
| School of Mechanical & Manufacturing Engineering (SMME) | School of Mechanical & Manufacturing Engineering (SMME) | General Stacks | 05/04/2016 | 1 | 621.4021 MOR | SMME-2550 | 04/17/2025 | 01/28/2025 | 05/04/2016 | Book | |||||||
| School of Mechanical & Manufacturing Engineering (SMME) | School of Mechanical & Manufacturing Engineering (SMME) | General Stacks | 05/04/2016 | 1 | 621.4021 MOR | SMME-2551 | 01/27/2026 | 01/27/2026 | 05/04/2016 | Book | 02/26/2026 | ||||||
| School of Mechanical & Manufacturing Engineering (SMME) | School of Mechanical & Manufacturing Engineering (SMME) | General Stacks | 05/04/2016 | 2 | 621.4021 MOR | SMME-2552 | 04/09/2025 | 02/10/2025 | 05/04/2016 | Book |
